Haltestellen der Mühlkreisbahn - Statistiken

Allgemein
  • Dieses Quiz wurde 19 mal gespielt
  • Das Durchschnittsergebnis liegt bei 13 aus 19
Antwortstatistiken
Haltestelle % Korrekt
Linz Urfahr
100%
Aigen-Schlägl
92%
Puchenau
92%
Rohrbach-Berg
92%
Ottensheim
85%
Rottenegg
85%
Haslach an der Mühl
77%
Neufelden
77%
Walding
77%
Gerling OÖ
54%
Lacken
54%
Neuhaus-Niederwaldkirchen
54%
Puchenau West
54%
Achleitnersiedlung
46%
Dürnberg
46%
Iglmühle
46%
Kleinzell
46%
Oepping
38%
Schlägl
38%
Keine übereinstimmenden Quizze gefunden
Verteilung der Resultate
Anzahl Personen mit jedem Resultat
Perzentil nach korrekt beantworteten Fragen
Ihre Resultats-Entwicklung
Sie haben dieses Quiz noch nicht gespielt